[Event "World Youth & Cadets Blitz Championships"]
[Site "Rhodes, Greece"]
[Date "2022.05.03"]
[Round "8.3"]
[White "Petrovskyi, Vadym"]
[Black "Garner, Isaac"]
[Result "1-0"]
[TimeControl "5'/game & 2\"/move"]
[WhiteElo "2400"]
[BlackElo "2283"]

1. e4 {[%clk 00:05:03]} {[%emt 00:00:05]} c5 {[%clk 00:05:03]} {[%emt
00:00:02]} 2. Nf3 {[%clk 00:05:04]} {[%emt 00:00:01]} e6 {[%clk 00:05:04]} 3.
d4 {[%clk 00:05:05]} cxd4 {[%clk 00:05:05]} {[%emt 00:00:01]} 4. Nxd4 {[%clk
00:05:06]} Nc6 {[%clk 00:05:07]} 5. Nc3 {[%clk 00:04:53]} {[%emt 00:00:16]} Qc7
{[%clk 00:05:08]} {[%emt 00:00:01]} 6. Be2 {[%clk 00:04:50]} {[%emt 00:00:04]}
a6 {[%clk 00:05:06]} {[%emt 00:00:05]} 7. O-O {[%emt 00:00:04]} Nf6 {[%clk
00:05:06]} {[%emt 00:00:01]} 8. Nxc6 {[%clk 00:04:34]} {[%emt 00:00:17]} bxc6
{[%clk 00:05:03]} {[%emt 00:00:04]} 9. f4 {[%clk 00:04:34]} {[%emt 00:00:02]}
d5 {[%clk 00:04:17]} {[%emt 00:00:48]} 10. e5 {[%clk 00:04:34]} {[%emt
00:00:02]} Bc5+ {[%clk 00:04:12]} {[%emt 00:00:08]} 11. Kh1 {[%clk 00:04:35]}
Nd7 {[%clk 00:04:13]} {[%emt 00:00:01]} 12. Bd3 {[%clk 00:04:32]} {[%emt
00:00:05]} a5 {[%clk 00:04:09]} {[%emt 00:00:06]} 13. Ne2 {[%clk 00:04:13]}
{[%emt 00:00:20]} Ba6 {[%clk 00:04:05]} {[%emt 00:00:06]} 14. Bxa6 {[%clk
00:04:14]} {[%emt 00:00:02]} Rxa6 {[%clk 00:04:06]} 15. Qd3 {[%clk 00:04:15]}
Rb6 {[%clk 00:03:54]} {[%emt 00:00:15]} 16. c3 {[%clk 00:04:12]} {[%emt
00:00:04]} Be7 {[%clk 00:03:52]} {[%emt 00:00:04]} 17. Ng3 {[%clk 00:03:36]}
{[%emt 00:00:38]} g6 {[%clk 00:03:40]} {[%emt 00:00:15]} 18. b3 {[%clk
00:03:34]} {[%emt 00:00:04]} O-O {[%clk 00:03:33]} {[%emt 00:00:08]} 19. Be3
{[%clk 00:03:31]} {[%emt 00:00:05]} Rb7 {[%clk 00:03:21]} {[%emt 00:00:15]} 20.
c4 {[%clk 00:03:30]} {[%emt 00:00:03]} Ra8 {[%clk 00:03:07]} {[%emt 00:00:16]}
21. Rac1 {[%clk 00:03:24]} {[%emt 00:00:07]} Nc5 {[%clk 00:02:31]} {[%emt
00:00:38]} 22. Qd2 {[%clk 00:03:02]} {[%emt 00:00:24]} Rd8 {[%clk 00:02:20]}
{[%emt 00:00:13]} 23. Bxc5 {[%clk 00:02:33]} {[%emt 00:00:31]} Bxc5 {[%clk
00:02:18]} {[%emt 00:00:04]} 24. cxd5 {[%clk 00:02:33]} {[%emt 00:00:01]} cxd5
{[%clk 00:02:05]} {[%emt 00:00:16]} 25. f5 {[%clk 00:02:32]} {[%emt 00:00:03]}
exf5 {[%clk 00:01:51]} {[%emt 00:00:16]} 26. Nxf5 {[%clk 00:02:32]} {[%emt
00:00:02]} Qb6 {[%clk 00:01:06]} {[%emt 00:00:47]} 27. Nh6+ {[%clk 00:02:28]}
{[%emt 00:00:06]} Kg7 {[%clk 00:01:07]} {[%emt 00:00:02]} 28. Ng4 {[%clk
00:02:28]} {[%emt 00:00:02]} Kh8 {[%clk 00:00:33]} {[%emt 00:00:35]} 29. Nf6
{[%clk 00:01:54]} {[%emt 00:00:36]} Be3 {[%clk 00:00:33]} {[%emt 00:00:03]} 30.
Qe1 {[%clk 00:01:44]} {[%emt 00:00:11]} Bxc1 {[%clk 00:00:30]} {[%emt
00:00:05]} 31. Qxc1 {[%clk 00:01:46]} Kg7 {[%clk 00:00:24]} {[%emt 00:00:09]}
32. Ng4 {[%clk 00:01:47]} Kh8 {[%clk 00:00:07]} {[%emt 00:00:18]} 33. Qh6
{[%clk 00:01:15]} {[%emt 00:00:34]} Rg8 {[%clk 00:00:07]} {[%emt 00:00:02]} 34.
Nf6 {[%clk 00:01:17]} Rg7 {[%clk 00:00:09]} 35. Nxh7 {[%clk 00:01:17]} {[%emt
00:00:01]} Kg8 {[%clk 00:00:04]} {[%emt 00:00:07]} 36. Nf6+ {[%clk 00:01:17]}
{[%emt 00:00:03]} Kf8 {[%clk 00:00:05]} {[%emt 00:00:01]} 37. Qh8+ {[%clk
00:01:17]} {[%emt 00:00:01]} 1-0

[Event "World Youth & Cadets Blitz Championships"]
[Site "Rhodes, Greece"]
[Date "2022.05.03"]
[Round "8.4"]
[White "Rakhmatullaev, Almas"]
[Black "Trushko, Andrii"]
[Result "1-0"]
[TimeControl "5'/game & 2\"/move"]
[WhiteElo "1956"]
[BlackElo "2222"]

1. e4 {[%clk 00:05:03]} c6 {[%clk 00:05:04]} 2. Nf3 {[%clk 00:05:00]} {[%emt
00:00:05]} d5 {[%clk 00:05:05]} {[%emt 00:00:01]} 3. d3 {[%clk 00:04:58]}
{[%emt 00:00:04]} d4 {[%clk 00:05:05]} {[%emt 00:00:01]} 4. c3 {[%clk
00:04:49]} {[%emt 00:00:11]} c5 {[%clk 00:05:06]} 5. cxd4 {[%clk 00:04:47]}
{[%emt 00:00:04]} cxd4 {[%clk 00:05:08]} 6. b4 {[%clk 00:04:44]} {[%emt
00:00:06]} f6 {[%clk 00:05:00]} {[%emt 00:00:09]} 7. Qb3 {[%clk 00:04:14]}
{[%emt 00:00:32]} e5 {[%clk 00:04:56]} {[%emt 00:00:06]} 8. Be2 {[%clk
00:04:13]} {[%emt 00:00:03]} Bd6 {[%clk 00:04:57]} {[%emt 00:00:02]} 9. Bd1
{[%clk 00:04:11]} {[%emt 00:00:03]} Nc6 {[%clk 00:04:52]} {[%emt 00:00:07]} 10.
a3 {[%clk 00:04:08]} {[%emt 00:00:05]} Qe7 {[%clk 00:04:50]} {[%emt 00:00:04]}
11. Nbd2 {[%clk 00:04:07]} {[%emt 00:00:03]} Be6 {[%clk 00:04:51]} {[%emt
00:00:01]} 12. Qb2 {[%clk 00:04:05]} {[%emt 00:00:04]} Qd7 {[%clk 00:04:52]}
{[%emt 00:00:02]} 13. Nc4 {[%clk 00:03:59]} {[%emt 00:00:07]} Nge7 {[%clk
00:04:52]} {[%emt 00:00:01]} 14. Bb3 {[%clk 00:03:55]} {[%emt 00:00:07]} b5
{[%clk 00:04:47]} {[%emt 00:00:07]} 15. Nxd6+ {[%clk 00:03:26]} {[%emt
00:00:31]} Qxd6 {[%clk 00:04:48]} {[%emt 00:00:02]} 16. Bd2 {[%clk 00:03:17]}
{[%emt 00:00:10]} O-O {[%clk 00:04:46]} {[%emt 00:00:04]} 17. Qa2 {[%clk
00:03:14]} {[%emt 00:00:06]} Kf7 {[%clk 00:04:24]} {[%emt 00:00:23]} 18. O-O
{[%clk 00:03:05]} {[%emt 00:00:10]} Bxb3 {[%clk 00:04:25]} {[%emt 00:00:02]} 19.
Qxb3+ {[%clk 00:03:06]} {[%emt 00:00:01]} Qe6 {[%clk 00:04:26]} 20. Qb2 {[%clk
00:03:02]} {[%emt 00:00:06]} Rfc8 {[%clk 00:04:25]} {[%emt 00:00:03]} 21. a4
{[%clk 00:02:59]} {[%emt 00:00:05]} a6 {[%clk 00:04:21]} {[%emt 00:00:06]} 22.
Rfc1 {[%clk 00:02:57]} {[%emt 00:00:04]} Qd7 {[%clk 00:04:06]} {[%emt
00:00:16]} 23. Rc5 {[%clk 00:02:47]} {[%emt 00:00:13]} Rab8 {[%clk 00:03:55]}
{[%emt 00:00:13]} 24. axb5 {[%clk 00:02:25]} {[%emt 00:00:24]} Rxb5 {[%clk
00:03:34]} {[%emt 00:00:23]} 25. Qa2+ {[%clk 00:02:00]} {[%emt 00:00:27]} Qe6
{[%clk 00:03:29]} {[%emt 00:00:07]} 26. Qxa6 {[%clk 00:01:47]} {[%emt
00:00:14]} Rxc5 {[%clk 00:03:15]} {[%emt 00:00:17]} 27. bxc5 {[%clk 00:01:48]}
{[%emt 00:00:01]} Rc7 {[%clk 00:03:16]} {[%emt 00:00:01]} 28. Qb6 {[%clk
00:01:37]} {[%emt 00:00:13]} Qc8 {[%clk 00:03:17]} 29. Qb3+ {[%clk 00:01:38]}
Qe6 {[%clk 00:03:17]} {[%emt 00:00:03]} 30. Qd1 {[%clk 00:01:25]} {[%emt
00:00:14]} Rb7 {[%clk 00:03:14]} {[%emt 00:00:06]} 31. h3 {[%clk 00:01:20]}
{[%emt 00:00:06]} Qb3 {[%clk 00:03:13]} {[%emt 00:00:03]} 32. Qe2 {[%clk
00:00:37]} {[%emt 00:00:45]} Qc2 {[%clk 00:03:12]} {[%emt 00:00:02]} 33. Ne1
{[%clk 00:00:28]} {[%emt 00:00:12]} Qxc5 {[%clk 00:02:48]} {[%emt 00:00:26]} 34.
Qh5+ {[%clk 00:00:24]} {[%emt 00:00:06]} Ng6 {[%clk 00:02:49]} {[%emt
00:00:01]} 35. Rc1 {[%clk 00:00:19]} {[%emt 00:00:08]} Qb5 {[%clk 00:02:42]}
{[%emt 00:00:08]} 36. f4 {[%clk 00:00:14]} {[%emt 00:00:08]} Qb2 {[%clk
00:02:31]} {[%emt 00:00:12]} 37. Nf3 {[%clk 00:00:11]} {[%emt 00:00:05]} Nce7
{[%clk 00:02:12]} {[%emt 00:00:22]} 38. f5 {[%clk 00:00:08]} {[%emt 00:00:05]}
Rb3 {[%clk 00:02:12]} {[%emt 00:00:02]} 39. Qxh7 {[%clk 00:00:05]} {[%emt
00:00:04]} Nf8 {[%clk 00:01:50]} {[%emt 00:00:24]} 40. Qh5+ {[%clk 00:00:06]}
Kg8 {[%clk 00:01:51]} {[%emt 00:00:01]} 41. Qe8 {[%clk 00:00:05]} {[%emt
00:00:03]} Qa3 {[%clk 00:01:47]} {[%emt 00:00:06]} 42. Rc7 {[%clk 00:00:05]}
{[%emt 00:00:03]} Rb1+ {[%clk 00:00:50]} {[%emt 00:00:58]} 43. Kh2 {[%clk
00:00:06]} {[%emt 00:00:01]} Rb3 {[%clk 00:00:33]} {[%emt 00:00:20]} 44. Rxe7
{[%clk 00:00:05]} {[%emt 00:00:02]} Qxe7 {[%clk 00:00:26]} {[%emt 00:00:09]} 45.
Qxe7 {[%clk 00:00:06]} Rxd3 {[%clk 00:00:27]} {[%emt 00:00:01]} 46. Bb4 {[%clk
00:00:06]} {[%emt 00:00:02]} 1-0

[Event "World Youth & Cadets Blitz Championships"]
[Site "Rhodes, Greece"]
[Date "2022.05.03"]
[Round "8.5"]
[White "Tobak, Mikhail"]
[Black "Andreev, Konstantin"]
[Result "1-0"]
[TimeControl "5'/game & 2\"/move"]
[WhiteElo "2068"]
[BlackElo "1939"]

1. e4 {[%clk 00:05:02]} {[%emt 00:00:01]} c5 {[%clk 00:05:03]} {[%emt
00:00:02]} 2. Nf3 {[%clk 00:05:02]} {[%emt 00:00:01]} Nc6 {[%clk 00:05:03]}
{[%emt 00:00:02]} 3. Bb5 {[%clk 00:05:03]} {[%emt 00:00:01]} e6 {[%clk
00:05:02]} {[%emt 00:00:02]} 4. O-O {[%clk 00:05:02]} {[%emt 00:00:04]} Nge7
{[%clk 00:05:03]} 5. c3 {[%clk 00:05:03]} {[%emt 00:00:01]} a6 {[%clk
00:04:55]} {[%emt 00:00:10]} 6. Ba4 {[%clk 00:05:04]} c4 {[%clk 00:04:56]}
{[%emt 00:00:02]} 7. Bc2 {[%clk 00:04:55]} {[%emt 00:00:11]} b5 {[%clk
00:04:56]} {[%emt 00:00:01]} 8. d4 {[%clk 00:04:54]} {[%emt 00:00:03]} cxd3
{[%clk 00:04:57]} {[%emt 00:00:02]} 9. Bxd3 {[%clk 00:04:55]} Bb7 {[%clk
00:04:52]} {[%emt 00:00:07]} 10. Bf4 {[%clk 00:04:56]} {[%emt 00:00:02]} Ng6
{[%clk 00:04:44]} {[%emt 00:00:09]} 11. Bg3 {[%clk 00:04:57]} {[%emt 00:00:01]}
Bc5 {[%clk 00:04:40]} {[%emt 00:00:06]} 12. h4 {[%clk 00:04:53]} {[%emt
00:00:06]} h6 {[%clk 00:04:20]} {[%emt 00:00:21]} 13. Qe2 {[%clk 00:04:48]}
{[%emt 00:00:08]} O-O {[%clk 00:04:12]} {[%emt 00:00:10]} 14. e5 {[%clk
00:04:48]} {[%emt 00:00:02]} f5 {[%clk 00:04:02]} {[%emt 00:00:12]} 15. exf6
{[%clk 00:04:31]} {[%emt 00:00:20]} Qxf6 {[%clk 00:04:02]} {[%emt 00:00:01]} 16.
Qe4 {[%clk 00:04:02]} {[%emt 00:00:31]} Nge7 {[%clk 00:03:21]} {[%emt
00:00:43]} 17. Nbd2 {[%clk 00:02:44]} {[%emt 00:01:20]} Nf5 {[%clk 00:03:17]}
{[%emt 00:00:06]} 18. Kh2 {[%clk 00:02:33]} {[%emt 00:00:13]} d5 {[%clk
00:02:50]} {[%emt 00:00:30]} 19. Qe2 {[%clk 00:02:05]} {[%emt 00:00:29]} Rae8
{[%clk 00:02:36]} {[%emt 00:00:15]} 20. Nb3 {[%clk 00:01:41]} {[%emt 00:00:27]}
Bb6 {[%clk 00:02:06]} {[%emt 00:00:33]} 21. a4 {[%clk 00:01:40]} {[%emt
00:00:03]} bxa4 {[%clk 00:01:27]} {[%emt 00:00:41]} 22. Rxa4 {[%clk 00:01:39]}
{[%emt 00:00:02]} a5 {[%clk 00:01:24]} {[%emt 00:00:06]} 23. Bb5 {[%clk
00:01:37]} {[%emt 00:00:04]} e5 {[%clk 00:01:18]} {[%emt 00:00:08]} 24. Rg4
{[%clk 00:00:34]} {[%emt 00:01:04]} e4 {[%clk 00:00:54]} {[%emt 00:00:27]} 25.
Ne1 {[%clk 00:00:23]} {[%emt 00:00:13]} a4 {[%clk 00:00:44]} {[%emt 00:00:12]}
26. Nd2 {[%clk 00:00:17]} {[%emt 00:00:07]} Nxg3 {[%clk 00:00:26]} {[%emt
00:00:20]} 27. fxg3 {[%clk 00:00:18]} {[%emt 00:00:02]} Qe6 {[%clk 00:00:28]}
28. Rxf8+ {[%clk 00:00:15]} {[%emt 00:00:05]} Rxf8 {[%clk 00:00:28]} {[%emt
00:00:01]} 29. Rxe4 {[%clk 00:00:16]} {[%emt 00:00:02]} Qd6 {[%clk 00:00:09]}
{[%emt 00:00:20]} 30. Re6 {[%clk 00:00:16]} {[%emt 00:00:02]} Qc5 {[%clk
00:00:11]} {[%emt 00:00:01]} 31. Nef3 {[%clk 00:00:15]} {[%emt 00:00:03]} Nd8
{[%clk 00:00:08]} {[%emt 00:00:05]} 32. Re8 {[%clk 00:00:15]} Bc7 {[%clk
00:00:04]} {[%emt 00:00:06]} 33. Rxf8+ {[%clk 00:00:12]} {[%emt 00:00:05]} Qxf8
{[%clk 00:00:05]} 34. Bxa4 {[%clk 00:00:13]} {[%emt 00:00:01]} Qd6 {[%clk
00:00:06]} {[%emt 00:00:01]} 35. Qe8+ {[%clk 00:00:10]} {[%emt 00:00:05]} Kh7
{[%emt 00:00:02]} 36. Bc2+ {[%clk 00:00:11]} g6 {[%clk 00:00:07]} 37. Qe1
{[%clk 00:00:07]} {[%emt 00:00:06]} Ne6 {[%clk 00:00:06]} {[%emt 00:00:03]} 38.
h5 {[%clk 00:00:09]} Kg7 {[%clk 00:00:05]} {[%emt 00:00:03]} 39. Bxg6 {[%clk
00:00:09]} d4 {[%clk 00:00:05]} {[%emt 00:00:02]} 40. cxd4 {[%clk 00:00:09]}
{[%emt 00:00:02]} Nxd4 {[%clk 00:00:06]} {[%emt 00:00:01]} 41. Nxd4 {[%clk
00:00:10]} {[%emt 00:00:02]} Qf6 {[%clk 00:00:03]} {[%emt 00:00:05]} 42. Nf5+
{[%clk 00:00:10]} 1-0

[Event "World Youth & Cadets Blitz Championships"]
[Site "Rhodes, Greece"]
[Date "2022.05.03"]
[Round "8.6"]
[White "Nareks, Matic"]
[Black "Ohler, Julius"]
[Result "1-0"]
[TimeControl "5'/game & 2\"/move"]
[WhiteElo "2147"]
[BlackElo "1677"]

1. e4 {[%clk 00:05:02]} {[%emt 00:00:01]} c6 {[%clk 00:05:03]} {[%emt
00:00:01]} 2. d4 {[%clk 00:05:03]} {[%emt 00:00:02]} d5 {[%clk 00:05:04]} 3. e5
{[%clk 00:05:04]} Bf5 {[%clk 00:05:05]} {[%emt 00:00:02]} 4. g4 {[%clk
00:05:05]} {[%emt 00:00:01]} Bg6 {[%clk 00:05:05]} {[%emt 00:00:02]} 5. e6
{[%clk 00:05:06]} {[%emt 00:00:01]} fxe6 {[%clk 00:05:03]} {[%emt 00:00:05]} 6.
h4 {[%clk 00:05:06]} {[%emt 00:00:01]} Nd7 {[%clk 00:04:33]} {[%emt 00:00:32]}
7. h5 {[%clk 00:05:07]} {[%emt 00:00:02]} Bf7 {[%clk 00:04:32]} {[%emt
00:00:02]} 8. f4 {[%clk 00:04:51]} {[%emt 00:00:17]} Ngf6 {[%clk 00:04:02]}
{[%emt 00:00:32]} 9. Be3 {[%clk 00:04:20]} {[%emt 00:00:34]} g6 {[%clk
00:03:51]} {[%emt 00:00:14]} 10. h6 {[%clk 00:04:08]} {[%emt 00:00:13]} Ne4
{[%clk 00:03:48]} {[%emt 00:00:05]} 11. Bd3 {[%clk 00:03:49]} {[%emt 00:00:21]}
Nd6 {[%clk 00:03:40]} {[%emt 00:00:09]} 12. Nf3 {[%clk 00:03:46]} {[%emt
00:00:05]} Nf6 {[%clk 00:03:26]} {[%emt 00:00:16]} 13. Ne5 {[%clk 00:03:39]}
{[%emt 00:00:09]} a6 {[%clk 00:02:40]} {[%emt 00:00:49]} 14. Nc3 {[%clk
00:03:34]} {[%emt 00:00:07]} Rc8 {[%clk 00:02:32]} {[%emt 00:00:10]} 15. Qd2
{[%clk 00:03:21]} {[%emt 00:00:15]} Qb6 {[%clk 00:02:19]} {[%emt 00:00:14]} 16.
O-O-O {[%clk 00:03:19]} {[%emt 00:00:04]} Kd8 {[%clk 00:01:50]} {[%emt
00:00:31]} 17. Na4 {[%clk 00:03:12]} {[%emt 00:00:10]} Qc7 {[%clk 00:01:45]}
{[%emt 00:00:08]} 18. Nc5 {[%clk 00:03:09]} {[%emt 00:00:04]} Ke8 {[%clk
00:01:44]} {[%emt 00:00:03]} 19. Kb1 {[%clk 00:03:05]} {[%emt 00:00:06]} a5
{[%clk 00:01:40]} {[%emt 00:00:05]} 20. Rde1 {[%clk 00:02:48]} {[%emt
00:00:19]} b6 {[%clk 00:01:41]} {[%emt 00:00:02]} 21. Nb3 {[%clk 00:02:48]}
{[%emt 00:00:01]} a4 {[%clk 00:01:31]} {[%emt 00:00:12]} 22. Nc1 {[%clk
00:02:48]} {[%emt 00:00:02]} b5 {[%clk 00:01:07]} {[%emt 00:00:27]} 23. Qb4
{[%clk 00:02:37]} {[%emt 00:00:13]} Nc4 {[%clk 00:00:56]} {[%emt 00:00:13]} 24.
g5 {[%clk 00:01:44]} {[%emt 00:00:55]} Nd7 {[%clk 00:00:42]} {[%emt 00:00:16]}
25. Bf2 {[%clk 00:01:43]} {[%emt 00:00:03]} Nd6 {[%clk 00:00:35]} {[%emt
00:00:09]} 26. Re2 {[%clk 00:01:23]} {[%emt 00:00:21]} Nxe5 {[%clk 00:00:26]}
{[%emt 00:00:12]} 27. Rxe5 {[%clk 00:01:09]} {[%emt 00:00:17]} Nf5 {[%clk
00:00:15]} {[%emt 00:00:12]} 28. Rhe1 {[%clk 00:01:08]} {[%emt 00:00:02]} Nxh6
{[%clk 00:00:03]} {[%emt 00:00:15]} 29. gxh6 {[%clk 00:01:02]} {[%emt
00:00:08]} Bxh6 {[%clk 00:00:05]} 30. Bg3 {[%clk 00:00:58]} {[%emt 00:00:06]}
Kd7 {[%emt 00:00:03]} 31. f5 {[%clk 00:00:46]} {[%emt 00:00:14]} Qd6 {[%clk
00:00:03]} {[%emt 00:00:03]} 32. fxe6+ {[%clk 00:00:43]} {[%emt 00:00:04]} Bxe6
{[%clk 00:00:04]} {[%emt 00:00:01]} 33. Qxd6+ {[%clk 00:00:43]} {[%emt
00:00:02]} exd6 {[%clk 00:00:05]} {[%emt 00:00:02]} 34. Rxe6 {[%clk 00:00:44]}
{[%emt 00:00:01]} Bf8 {[%clk 00:00:07]} 35. Bf1 {[%clk 00:00:34]} {[%emt
00:00:11]} Rd8 {[%clk 00:00:06]} {[%emt 00:00:03]} 36. Bh3 {[%clk 00:00:33]}
{[%emt 00:00:03]} Kc7 {[%clk 00:00:08]} 37. Rf6 {[%clk 00:00:23]} {[%emt
00:00:12]} Bh6 {[%clk 00:00:07]} {[%emt 00:00:02]} 38. Re7+ {[%clk 00:00:22]}
{[%emt 00:00:04]} Kb6 {[%clk 00:00:09]} 39. Rff7 {[%clk 00:00:22]} {[%emt
00:00:01]} Rhe8 {[%clk 00:00:06]} {[%emt 00:00:05]} 40. Rb7+ {[%clk 00:00:19]}
{[%emt 00:00:06]} Ka5 {[%clk 00:00:07]} {[%emt 00:00:01]} 41. Ra7+ {[%clk
00:00:15]} {[%emt 00:00:06]} 1-0

[Event "World Youth & Cadets Blitz Championships"]
[Site "Rhodes, Greece"]
[Date "2022.05.03"]
[Round "8.7"]
[White "Chyzy, Jakub"]
[Black "Laux, Dominik"]
[Result "0-1"]
[TimeControl "5'/game & 2\"/move"]
[WhiteElo "2002"]
[BlackElo "2231"]

1. e4 {[%clk 00:05:03]} c5 {[%clk 00:05:03]} {[%emt 00:00:01]} 2. Nc3 {[%clk
00:04:59]} {[%emt 00:00:06]} Nc6 {[%clk 00:05:00]} {[%emt 00:00:05]} 3. Bb5
{[%clk 00:05:00]} {[%emt 00:00:01]} g6 {[%clk 00:04:52]} {[%emt 00:00:11]} 4.
Bxc6 {[%clk 00:05:00]} bxc6 {[%clk 00:04:51]} {[%emt 00:00:03]} 5. d3 {[%clk
00:04:58]} {[%emt 00:00:04]} Bg7 {[%clk 00:04:43]} {[%emt 00:00:11]} 6. f4
{[%clk 00:04:59]} {[%emt 00:00:01]} d6 {[%clk 00:04:34]} {[%emt 00:00:11]} 7.
Nf3 {[%clk 00:04:59]} {[%emt 00:00:02]} e6 {[%clk 00:04:34]} {[%emt 00:00:02]}
8. O-O {[%clk 00:04:57]} {[%emt 00:00:04]} Ne7 {[%clk 00:04:34]} {[%emt
00:00:02]} 9. Be3 {[%clk 00:04:39]} {[%emt 00:00:19]} O-O {[%clk 00:04:32]}
{[%emt 00:00:05]} 10. e5 {[%clk 00:04:22]} {[%emt 00:00:19]} Nd5 {[%clk
00:04:26]} {[%emt 00:00:09]} 11. Qd2 {[%clk 00:04:02]} {[%emt 00:00:21]} Rb8
{[%clk 00:03:47]} {[%emt 00:00:41]} 12. Rab1 {[%clk 00:03:51]} {[%emt
00:00:13]} Nxe3 {[%clk 00:03:15]} {[%emt 00:00:34]} 13. Qxe3 {[%clk 00:03:52]}
Ba6 {[%clk 00:03:16]} {[%emt 00:00:01]} 14. Ne4 {[%clk 00:03:44]} {[%emt
00:00:09]} dxe5 {[%clk 00:03:03]} {[%emt 00:00:16]} 15. fxe5 {[%clk 00:03:42]}
{[%emt 00:00:04]} c4 {[%clk 00:02:57]} {[%emt 00:00:08]} 16. Nc5 {[%clk
00:03:15]} {[%emt 00:00:28]} Qb6 {[%clk 00:02:19]} {[%emt 00:00:41]} 17. d4
{[%clk 00:02:49]} {[%emt 00:00:28]} c3 {[%clk 00:02:02]} {[%emt 00:00:19]} 18.
Nd7 {[%clk 00:02:27]} {[%emt 00:00:23]} Qc7 {[%clk 00:01:33]} {[%emt 00:00:31]}
19. Nxb8 {[%clk 00:01:57]} {[%emt 00:00:33]} Bxf1 {[%clk 00:01:20]} {[%emt
00:00:15]} 20. Kxf1 {[%clk 00:01:24]} {[%emt 00:00:34]} Rxb8 {[%clk 00:01:08]}
{[%emt 00:00:15]} 21. Qxc3 {[%clk 00:01:25]} {[%emt 00:00:01]} Qb6 {[%clk
00:01:00]} {[%emt 00:00:10]} 22. Qc4 {[%clk 00:01:01]} {[%emt 00:00:27]} Bf8
{[%clk 00:00:55]} {[%emt 00:00:06]} 23. b4 {[%clk 00:00:35]} {[%emt 00:00:28]}
a5 {[%clk 00:00:47]} {[%emt 00:00:11]} 24. a3 {[%clk 00:00:34]} {[%emt
00:00:03]} axb4 {[%clk 00:00:35]} {[%emt 00:00:14]} 25. axb4 {[%clk 00:00:34]}
{[%emt 00:00:01]} c5 {[%clk 00:00:36]} 26. b5 {[%clk 00:00:22]} {[%emt
00:00:15]} cxd4 {[%clk 00:00:31]} {[%emt 00:00:06]} 27. Nxd4 {[%clk 00:00:22]}
{[%emt 00:00:01]} Rd8 {[%clk 00:00:24]} {[%emt 00:00:10]} 28. Nc6 {[%clk
00:00:05]} {[%emt 00:00:19]} Rd2 {[%clk 00:00:23]} {[%emt 00:00:02]} 29. Qf4
{[%clk 00:00:05]} {[%emt 00:00:03]} Rxc2 {[%clk 00:00:12]} {[%emt 00:00:13]} 30.
Qf3 {[%clk 00:00:04]} {[%emt 00:00:03]} Rc5 {[%clk 00:00:09]} {[%emt 00:00:05]}
31. Rd1 {[%clk 00:00:05]} {[%emt 00:00:02]} Qxb5+ {[%clk 00:00:08]} {[%emt
00:00:02]} 32. Qe2 {[%clk 00:00:05]} Qxe2+ {[%clk 00:00:08]} {[%emt 00:00:02]}
33. Kxe2 {[%clk 00:00:06]} {[%emt 00:00:01]} Rxc6 {[%clk 00:00:10]} 0-1